RR 9.1 Koba la D & Niska - Statistiques

Statistiques générales
  • Ce quiz a été pris 706 fois
    676 depuis la dernière actualisation
  • Le résultat moyen est 279 sur 455
Statistiques - réponses
Hint Réponse % Correct
B)
95%
B
95%
la
94%
94%
La
94%
à
93%
a
93%
que
93%
ce
91%
de
91%
c'est
87%
(c'est
87%
C'est
87%
Et
85%
et
85%
je
84%
le
84%
trop
82%
tout
81%
vie
81%
j'ai
80%
J'ai
80%
ma
80%
pu
80%
sa
78%
(sa
78%
avec
77%
d'artiste
77%
me
77%
Elle
76%
elle
76%
les
76%
Les
76%
Pas
76%
pas
76%
Ta
76%
J'suis
75%
j'suis
75%
des
74%
dire
74%
mon
74%
au
73%
beau
73%
dans
73%
détaille
73%
Détaille
73%
en
73%
En
73%
Koba
73%
moi
73%
Moi
73%
Qu'est
73%
Sur
73%
sur
73%
du
72%
une
72%
RR
71%
tu
71%
si
69%
pute
68%
7
67%
dos
67%
Rolex
67%
se
67%
Wesh
67%
bras
66%
Comme
66%
comme
66%
droit
66%
gauche
66%
luxe
66%
masse
66%
volant
66%
j'paie
65%
avis
64%
deux
64%
64%
pieds
64%
prendre
64%
baiser
63%
bord
63%
demander
63%
PDG
63%
Sans
63%
t'es
63%
tes
63%
TN
63%
voiture
63%
maintenant
62%
ne
62%
Niquer
62%
niquer
62%
Paire
62%
ça
61%
doigts
61%
mère
61%
mère)
61%
Nike
61%
années
60%
con
60%
con)
60%
étoiles
60%
fait
60%
même
60%
plage
60%
tête
60%
jours
59%
Koba: Quel
59%
bail
58%
rien
58%
veulent
58%
changé
57%
d'habits
57%
elles
57%
toutes
57%
comment
56%
v-esqui
56%
au-dessus
55%
qu'on
55%
raconte
55%
sept
55%
J'étais
54%
savais
54%
L'argent
53%
merde
53%
plus
53%
pub
53%
rempli
52%
vrai
52%
mégots
51%
(on
51%
syndrome
51%
Avant
50%
be-tom
50%
crachat
50%
j'sais
50%
Refrain: Koba LaD
50%
truc
50%
c'était
49%
ferme
49%
règles
49%
n'a
48%
prix
48%
ses
48%
direct
47%
Gilles
47%
j'la
47%
neuf
47%
obligé
47%
qu'avant
47%
Tourette
47%
j'te
46%
qui
46%
qu'un
46%
méchant
45%
locks
44%
thunes
44%
bouge
43%
capuché
43%
Ouais
43%
rose
43%
stup'
43%
mêmes
42%
mes
42%
pris
42%
Putain
42%
putain
42%
y
42%
beaucoup
41%
devant
41%
Faut
41%
faut
41%
peu
41%
Zifuko'
41%
J'fais
40%
pété
40%
rentrer
40%
va)
40%
4*4
39%
Dis-nous
38%
Phuket
38%
grossiste
37%
j'peux
37%
mort
37%
perdu
36%
tas
36%
tirette
36%
bons
35%
est
35%
fasses
35%
mis
35%
Piguet
35%
Quitte
35%
tantines
35%
cloque
34%
J'crois
34%
sais
34%
sont
34%
Allô
33%
Atlanta
33%
beuh
33%
capot
33%
coups
33%
froc
33%
Pendant
33%
combien
32%
faire
32%
Oh
32%
potes
32%
binks
31%
bonne
31%
boulot
31%
sale
31%
toit
31%
Audemars
30%
joue
30%
négros
30%
quoi
30%
sauter
30%
Belgique
29%
bouyave
29%
fonces
29%
gamos
29%
igo
29%
mettre
29%
neuve
29%
s'attend
29%
salaire
28%
contacts
27%
crade
27%
encore
27%
fois
27%
frappe
27%
Glock
27%
l'abréger
27%
rrain-te
27%
ton
27%
trois
27%
vers
27%
flinguent
26%
keufs
26%
te-boî
26%
enlever
25%
tôt
25%
AKM
24%
l'O.P.J
24%
voient
24%
fini
23%
Frank
23%
j'rentre
23%
ouf
23%
celle
22%
j'me
22%
l'époque
22%
12
21%
50k
21%
balles
20%
levais
20%
montent
20%
deux-trois
19%
l'impact
19%
Vive l'argent
18%
Lampard
16%
bando
15%
dettes
15%
J'éteins
15%
t'est
13%
( méchant, méchant
10%
méchant, méchant)
10%
(méchant, méchant)
10%
(sept-sept)
4%
(oui, oui)
3%
banc
1%
train-p'
0%
Aucun quiz correspondant
Distribution des résultats
% des personnes avec chaque résultat
Percentile par nombre de réponses
Votre historique - résultats
Vous n’avez pas pris ce quiz depuis la dernière actualisation